Hassard y Mi sueño vive debajo de tus párpados / (Record no. 181947)

MARC details
000 -LEADER
campo de control de longitud fija 00894nam a2200253 i 4500
001 - NÚMERO DE CONTROL
campo de control 181947
003 - IDENTIFICADOR DE NÚMERO DE CONTROL
campo de control ES-MaACL
005 - FECHA Y HORA DE LA ÚLTIMA TRANSACCIÓN
campo de control 20250904043127.0
008 - DATOS DE LONGITUD FIJA--INFORMACIÓN GENERAL
campo de control de longitud fija 130509s2011 sp | |||||||| | spa d
020 ## - NÚMERO INTERNACIONAL ESTÁNDAR DEL LIBRO
Número Internacional Estándar del Libro 978-84-938075-2-8
080 ## - NÚMERO DE LA CLASIFICACIÓN DECIMAL UNIVERSAL
Número de la Clasificación Decimal Universal 821.134.2-14"19"
100 1# - ENTRADA PRINCIPAL--NOMBRE DE PERSONA
Nombre de persona Soriano Bensusan, Fernando.
9 (RLIN) 152752
245 10 - MENCIÓN DEL TÍTULO
Título Hassard y Mi sueño vive debajo de tus párpados /
Mención de responsabilidad, etc. Fernando Soriano Bensusan.
250 ## - MENCION DE EDICION
Mención de edición 1ª ed.
260 ## - PUBLICACIÓN, DISTRIBUCIÓN, ETC.
Lugar de publicación, distribución, etc. [Ciudad Real] :
Nombre del editor, distribuidor, etc. Poeta de Cabra (2),
Fecha de publicación, distribución, etc. 2010 [i.e. 2011]
300 ## - DESCRIPCIÓN FÍSICA
Extensión 50 p. ;
Dimensiones 16 cm.
490 1# - MENCIÓN DE SERIE
Mención de serie Libretos Poeta de Cabra ;
Designación de volumen o secuencia n. 5
586 8# - NOTA DE PREMIOS
Nota de premios XII Premio de Poesía "La Espiga Pozaldez", 2008
740 02 - ENTRADA AGREGADA--TÍTULO RELACIONADO/ANALÍTICO NO CONTROLADO
Título relacionado o analítico no controlado Mi sueño vive debajo de tus párpados.
830 00 - PUNTO DE ACCESO ADICIONAL DE SERIE-TÍTULO UNIFORME
Título uniforme Libretos Poeta de Cabra
Designación de volumen o secuencia n. 5
9 (RLIN) 188096
852 ## - LOCALIZACIÓN
Ubicación ES-MaACL
Número de control de estantería A-12656
itemnumber 188856
Sublocalización o colección R.148772
Ubicación en estantería Depósito 1
Signatura antigua Olim: N-5657
942 ## - ELEMENTOS DE ENTRADA SECUNDARIOS (KOHA)
Fuente del sistema de clasificación o colocación Clasificación decimal universal
Tipo de ítem Koha Libro impreso
Holdings
Estatus retirado Estado de pérdida Fuente del sistema de clasificación o colocación Estado de daño No para préstamo Biblioteca de origen Biblioteca actual Ubicación en estantería Fecha de adquisición Fuente de adquisición Total de préstamos Signatura topográfica completa Código de barras Visto por última vez Precio de reemplazo Tipo de ítem Koha
    Clasificación decimal universal     Biblioteca del Ateneo de Madrid Biblioteca del Ateneo de Madrid Depósito 1 09/05/2013 Donación   A-12656 1191207 23/02/2023 23/02/2023 Libro impreso